Normal view
MARC view
- Beiker, Seven A., Gaubatz, Karl Heinz, Gerdes, J.Christian
Entry Personal Name
001 - CONTROL NUMBER
- control field: 64780
003 - CONTROL NUMBER IDENTIFIER
- control field: NUST
005 - DATE AND TIME OF LATEST TRANSACTION
- control field: 20210628203331.0
008 - FIXED-LENGTH DATA ELEMENTS
- fixed length control field: 210628|| aca||aabn | a|a d
040 ## - CATALOGING SOURCE
- Original cataloging agency: NUST
- Transcribing agency: NUST
100 ## - HEADING--PERSONAL NAME
- Personal name: Beiker, Seven A., Gaubatz, Karl Heinz, Gerdes, J.Christian
670 ## - SOURCE DATA FOUND
- Source citation: Work cat.: (NUST): Beiker, Seven A., Gaubatz, Karl Heinz, Gerdes, J.Christian, Gps augmented vehicle dynamics control, 2006
